Central Library OPAC University of Rajshahi

Ferroelectricity / (Record no. 71853)

MARC details
000 -LEADER
fixed length control field 00693nam a2200229 a 4500
001 - CONTROL NUMBER
control field 71853
003 - CONTROL NUMBER IDENTIFIER
rucl marc code BD-RjUL
005 - DATE AND TIME OF LATEST TRANSACTION
control field 20211209082153.0
008 - FIXED-LENGTH DATA ELEMENTS--GENERAL INFORMATION
fixed length control field 170508s1953 ne a 000 0 eng d
035 ## - SYSTEM CONTROL NUMBER
System control number (BD-RjUL)72069
040 ## - CATALOGING SOURCE
Modifying agency BD-RjUL
Original cataloging agency BD-RjUL
Language of cataloging eng
Transcribing agency BD-RjUL
041 ## - LANGUAGE CODE
Language code of text/sound track or separate title eng
082 00 - DEWEY DECIMAL CLASSIFICATION NUMBER
Classification number 537.2448
Edition number 23
Author mark and year JAF 1953
100 1# - MAIN ENTRY--PERSONAL NAME
Personal name Jaynes, E. T.
9 (RLIN) 179390
245 00 - TITLE STATEMENT
Title Ferroelectricity /
Statement of responsibility, etc. E T Jaynes
260 ## - PUBLICATION, DISTRIBUTION, ETC. (IMPRINT)
Place of publication, distribution, etc. Princeton :
Name of publisher, distributor, etc. Princeton University Press,
Date of publication, distribution, etc. 1953
300 ## - PHYSICAL DESCRIPTION
Pagination viii, 137 p. :
Illustrations ill. ;
Size 20 cm.
650 #0 - SUBJECT ADDED ENTRY--TOPICAL TERM
Topical term or geographic name as entry element Ferroelectricity.
9 (RLIN) 179392
830 ## - SERIES ADDED ENTRY--UNIFORM TITLE
Uniform title Investigations in physics,
Volume number/sequential designation V. 1.
942 ## - ADDED ENTRY ELEMENTS (KOHA)
Source of classification or shelving scheme Dewey Decimal Classification
Koha item type Books
Holdings
Lost status Source of classification or shelving scheme Damaged status Not for loan Collection code Permanent Location Current Location Shelving location Date acquired Source of acquisition Cost, normal purchase price Total Checkouts Full call number Date last seen Copy number Koha item type
  Dewey Decimal Classification   Not For Loan Non-fiction Central Library, University of Rajshahi Central Library, University of Rajshahi Reading Room 04/02/9958 oxford university- press 13.00   537.2448 JAF 1953 08/05/2017 C-1 Books